000 00308nam a22001457a 4500
020 _a818858250-6
082 _a894.812
_bKOC/C
100 _aKOCHUNARAYANAN T.K
245 _aCHEERAPP KATHAKAL
260 _aTHRISSUR
_bGREEN BOOKS
_c2005
300 _a124
520 _aNOVEL
650 _aNOVEL
942 _cBK
999 _c4994
_d4994